مضامین جمالیات (Record no. 875623)
[ view plain ]
| 000 -LEADER | |
|---|---|
| fixed length control field | 00960nam a2200301 a 4500 |
| 001 - CONTROL NUMBER | |
| control field | vtls001419593 |
| 003 - CONTROL NUMBER IDENTIFIER | |
| control field | NLI |
| 005 - DATE AND TIME OF LATEST TRANSACTION | |
| control field | 20210627115621.0 |
| 008 - FIXED-LENGTH DATA ELEMENTS--GENERAL INFORMATION | |
| fixed length control field | 121128s1988 ii 000 0 urd |
| 020 ## - INTERNATIONAL STANDARD BOOK NUMBER | |
| Terms of availability | Rs. 120.00 |
| 039 #9 - LEVEL OF BIBLIOGRAPHIC CONTROL AND CODING DETAIL [OBSOLETE] | |
| -- | 201211281548 |
| -- | VLOAD |
| 040 ## - CATALOGING SOURCE | |
| Original cataloging agency | NLI |
| Language of cataloging | urdeng |
| Transcribing agency | Datasoft_Urdu |
| Description conventions | AACR2 |
| 041 0# - LANGUAGE CODE | |
| Language code of text/sound track or separate title | urd |
| 044 ## - COUNTRY OF PUBLISHING/PRODUCING ENTITY CODE | |
| MARC country code | ii |
| 082 04 - DEWEY DECIMAL CLASSIFICATION NUMBER | |
| Classification number | 801.93 |
| 245 00 - TITLE STATEMENT | |
| Linkage | 880-02 |
| Title | مضامین جمالیات |
| Statement of responsibility, etc. | مرتبہ و مترجمہ فاخر حسین |
| 260 ## - PUBLICATION, DISTRIBUTION, ETC. | |
| Place of publication, distribution, etc. | لاہور |
| Name of publisher, distributor, etc. | نگارشات |
| Date of publication, distribution, etc. | 1988 |
| 300 ## - PHYSICAL DESCRIPTION | |
| Extent | 247 p. |
| Dimensions | 21 cm. |
| 500 ## - GENERAL NOTE | |
| General note | Glossary : p. 243-247 |
| 650 #0 - SUBJECT ADDED ENTRY--TOPICAL TERM | |
| Topical term or geographic name entry element | Literature |
| General subdivision | Aesthetics |
| 9 (RLIN) | 690165 |
| 700 0# - ADDED ENTRY--PERSONAL NAME | |
| Linkage | 880-03 |
| Personal name | فاخر حسین، |
| Relator term | مرتب و مترجم |
| 880 00 - ALTERNATE GRAPHIC REPRESENTATION | |
| Linkage | 245-02 (B |
| a | Maz̤amīn jamaliyāt |
| c | edited and translated by Faḵhir Ḥussain |
| 880 ## - ALTERNATE GRAPHIC REPRESENTATION | |
| Linkage | 700-03 (B |
| a | Faḵhir Ḥussain |
| 4 | edt. and trl |
| 887 ## - NON-MARC INFORMATION FIELD | |
| Content of non-MARC field | |
| 901 ## - LOCAL DATA ELEMENT A, LDA (RLIN) | |
| a | 15647 |
| b | 02.02.1990 |
| 902 ## - LOCAL DATA ELEMENT B, LDB (RLIN) | |
| a | U 801.93 M 998 b |
| 942 ## - ADDED ENTRY ELEMENTS (KOHA) | |
| Source of classification or shelving scheme | Dewey Decimal Classification |
| Koha item type | Books |
| Withdrawn status | Lost status | Damaged status | Not for loan | Collection code | Home library | Current library | Shelving location | Date acquired | Total Checkouts | Full call number | Date last seen | Price effective from | Koha item type |
|---|---|---|---|---|---|---|---|---|---|---|---|---|---|
| Urdu | National Library of India | National Library of India | Urdu - Book - Main Stack Division | U 801.93 M 998 b | 27/06/2021 | 27/06/2021 | Books |
